Životní pojištění - zaměstnanecké důchody

Životné poistenie ako doplnok štátneho dôchodkového poistenia. Životné poistenie zohráva významnú úlohu aj v prípade, kedy poistné platí za zamestnanca zamestnávateľ - zamestnanecké dôchodky. Úlohy rozvoj životného poistenia vo väzbe na zamestnanecké dôchodky.

Gespeichert in:
Bibliographische Detailangaben
1. Verfasser: Mesršmíd, Jaroslav
Format: Buchkapitel
Sprache:Tschechisch
Schlagworte:
Tags: Tag hinzufügen
Keine Tags, Fügen Sie das erste Tag hinzu!

MARC

LEADER 00000naa a2200000 4500
001 r043271
005 20230922100147.6
041 0 |a cze 
044 |a CZ 
245 1 0 |a Životní pojištění - zaměstnanecké důchody  |c Jaroslav Mesršmíd 
520 |a Životné poistenie ako doplnok štátneho dôchodkového poistenia. Životné poistenie zohráva významnú úlohu aj v prípade, kedy poistné platí za zamestnanca zamestnávateľ - zamestnanecké dôchodky. Úlohy rozvoj životného poistenia vo väzbe na zamestnanecké dôchodky. 
610 2 0 |a poistenie životné 
610 2 0 |a poistenie životné investičné 
610 2 0 |a poistenie dôchodkové 
610 2 0 |a poistenie dôchodkové doplnkové 
610 2 0 |a zabezpečenie dôchodkové 
610 2 0 |a zamestnanci 
610 2 0 |a zamestnávatelia 
610 2 0 |a Česko 
610 2 0 |a Európska únia 
100 1 |a Mesršmíd, Jaroslav